000
00337nam a2200145Ia 4500
008
090124s9999 xx 000 0 und d
082
_b
301294
245
_a
कारण
250
_a
1
260
_b
वैद्य सुरेश.
_c
1985
300
_a
212
630
_a
कारण
730
_a
कारण
942
_c
BOOK
999
_c
190848
_d
190848